000 00316nam a2200109Ia 4500
008 230907s9999||||xx |||||||||||||| ||und||
082 _a620.5,NAN
245 0 _ananostructured matericals for electrochemical energy production and storage/
260 _aSpringer
_bNew York
_c2009
300 _aix, 228p.:
942 _cBK
999 _c597967
_d597967